Caricamento...
Aayushkaala jyothisham
| Autore principale: | |
|---|---|
| Natura: | Printed Book |
| Pubblicazione: |
Thiruvananthapuram, Continental Publishers
2003
|
| Soggetti: |
| LEADER | 005840000a22001930004500 | ||
|---|---|---|---|
| 020 | |a 81-85391-59-9 | ||
| 040 | |a MAL | ||
| 082 | |a 133.5 32P3 | ||
| 100 | |a Radhakrishnan, Changa; Author | ||
| 245 | |a Aayushkaala jyothisham | ||
| 250 | |||
| 260 | |a Thiruvananthapuram, Continental Publishers | ||
| 260 | |c 2003 | ||
| 460 | |a 495p | ||
| 465 | |a Rs.275.00 | ||
| 500 | |a Changa Radhakrishnan | ||
| 650 | |a Astrology | ||
| 999 | |c 35534 |d 35534 | ||
| 952 | |0 0 |1 0 |4 0 |6 133_500000000000000_32P3 |7 0 |8 MAL |9 35941 |a MGUL |b MGUL |d 2013-07-16 |e Rs.275.00 |l 6 |o 133.5 32P3 |p 35669 |r 2018-03-04 |s 2018-02-12 |w 2013-07-16 |y BK | ||